Statistics for Top 10 Points Scorers Rugby World Cup 2023

Click here to take the quiz!

General Stats

  • This quiz has been taken 13 times
  • The average score is 6 of 10

Answer Stats

NPlayerCountryTriesConversionsPenalties/Drop GoalsTotal% Correct
4Johnny SextonIreland317358
90%
1Owen FarrellEngland0121575
90%
9George FordEngland041141
80%
2Thomas RamosFrance121974
80%
5Richie Mo'ungaNew Zealand118556
60%
10Will JordanNew Zealand80040
60%
3Emeliano BoffelliArgentina291367
50%
6Damian McKenzieNew Zealand514053
40%
8Ben DonaldsonAustralia27745
20%
7Rikiya MatsudaJapan011846
0%

Score Distribution

Percentile by Number Answered

Percent of People with Each Score

Your Score History

You have not taken this quiz